El indio de Nuestra América /

Guardat en:
Dades bibliogràfiques
Autor principal: Martí, José, 1853-1895
Altres autors: Acosta, Leonardo (prólogo)
Format: Desconegut
Idioma:Spanish
Publicat: La Habana, Cuba : Casa de las Américas, 1985
Col·lecció:(Colección Textos Martianos)
Matèries:
Etiquetes: Afegir etiqueta
Sense etiquetes, Sigues el primer a etiquetar aquest registre!

MARC

LEADER 000000000a22000000004500
001 001584
041 0 |a spa 
082 0 4 |a Cu864.2D   |b M378-i 
100 1 |a Martí, José,   |d 1853-1895 
245 1 3 |a El indio de Nuestra América /   |c José Martí ; Leonardo Acosta, prólogo. 
260 1 |a La Habana, Cuba :   |b Casa de las Américas,   |c 1985 
300 |a 237 páginas 
490 1 |a (Colección Textos Martianos) 
650 4 |a MARTI, JOSE, 1853-1895 
650 4 |a CRITICAS 
700 1 |a Acosta, Leonardo   |e prólogo 
999 |c 8285  |d 8285 
942 |c BK  |h Cu864.2D M378-i  |2 z